000 00445nam a2200181Ia 4500
008 230711s9999||||xx |||||||||||||| ||und||
020 _a978-81-315-1828-1
041 _aENG
082 _a629.89
_bSH-M
100 _aShetty,Devdas
245 0 _aMechatronics system design
250 _a2nd . Ed.
260 _c2011
_aDelhi
_bCengage Learning
300 _a494p.
650 _aMechanical Engineering
700 _aKolk,Richard A
942 _cBK
999 _c5891
_d5891